000 00555ctm a22001815a 4500
001 L129464
008 050420s1845 000 0 eng u
035 _a(Sirsi) u129464
041 _aeng
245 0 0 _aParish of Lilley Hertfordshire
_bAugust 1845
260 _c1845
300 _a1 v.
_bmanuscript
_c40cm.
520 _aDetailed record of the tithes of the parish of Lilley in Hertforshire for August 1845.
583 _aCondition reviewed
_c20120620
_lCondition level 4
651 4 _aHertfordshire
690 _aFinance and taxation
942 _n0
999 _c104201
_d104201